00706nam a22001697a 450000500170000000800410001702000180005805000200007624501120009626000380020830000350024650000360028150501110031765000200042870000390044870000490048720240715141215.0160418s2014 sp a|||| |||| 00| 0 spa d a9788415950059 4aRG600bP76 201400aProtocolos de medicina materno-fetal b: (perinatología)c/ Ll. Cabrero i Roura, M.Á. Sánchez Durán3 aMadrid, Españab: Ergonc, 2014 a592 páginasb: ilustraciones aIncluye: Apéndice pp. 537-5921 aProtocolos de embarazo Protocolos de sala de partos (parto y puerperio inmediato) Protocolos del puerperio14aPERINATOLOGÍA1 aCabrero i Roura, Lluisecompilador1 aSánchez Durán, Ma. Ángelesecompilador